00775 2200229 4500001002100000005001700021008004100038035002400079082001000103090002100113100002300134245017500157260002800332300003100360500007200391500002700463650001600490850000900506985000600515986000900521999001500530YOGYA-0209000007217420090227093614.0 ind  0010-020900000072174 a339.2 a339.2bMun KlSK aMUNHADI, Nusa Tris aKeterlibatan pada industri aluminium dalam peningkatan pendapatan keuarga di Kelurahan Sorosutan Kecamatan Umbulharjo Kotamadya Yogyakarta Propinsi DIYcNusa Tris Munhadi aYogyakartab[s.n]c1996 aix,71,15lembarbilusc28cm aSekripsi sekolah Tinggi Pembangunan masyarakat Desa APMD Yogyakarta aBibliografi:lembar[72] aPenghasilan aBPAD a1 aheru a08A0036372